4 [i.e. Cuarta] Bienal Internacional del Cartel en México, 1996 = Fourth International Biennial of the Poster in Mexico, 1996 = Quatrieme Biennale Internationale de L´Affiche au Mexique. (Record no. 863)

MARC details
000 -CABECERA
campo de control de longitud fija 01120nam a2200241 a 4500
001 - NÚMERO DE CONTROL
campo de control BRCA_979
005 - FECHA Y HORA DE LA ÚLTIMA TRANSACCIÓN
campo de control 20190320203229.0
008 - DATOS DE LONGITUD FIJA--INFORMACIÓN GENERAL
campo de control de longitud fija 910730s1996 mx-a---##c---#000-0#spa-#
040 ## - FUENTE DE LA CATALOGACIÓN
Centro catalogador/agencia de origen DLC
Centro/agencia transcriptor DLC
041 ## - CÓDIGO DE LENGUA
Código de lengua del texto/banda sonora o título independiente spaengfre
044 ## - CÓDIGO DEL PAÍS DE LA ENTIDAD EDITORA/PRODUCTORA
Código MARC del país mx
050 #4 - SIGNATURA TOPOGRÁFICA DE LA BIBLIOTECA DEL CONGRESO
Número de clasificación NC1807.M4
Número de documento/Ítem .B54 4
-- 1996
245 10 - MENCIÓN DE TÍTULO
Título 4 [i.e. Cuarta] Bienal Internacional del Cartel en México, 1996 = Fourth International Biennial of the Poster in Mexico, 1996 = Quatrieme Biennale Internationale de L´Affiche au Mexique.
260 ## - PUBLICACIÓN, DISTRIBUCIÓN, ETC.
Lugar de publicación, distribución, etc. México
Nombre del editor, distribuidor, etc. Trama Visual AC : Fondo Nacional para la Cultura y las Artes : UAM
Fecha de publicación, distribución, etc. 1996
300 ## - DESCRIPCIÓN FÍSICA
Extensión 201 p.
Otras características físicas il. (algunas a color)
Dimensiones 28 cm.
Material acompañante/anejo Programa de actividades
500 ## - NOTA GENERAL
Nota general Catálogo de la exposición realizada en el Museo Franz Mayer (Ciudad de México), 17 octubre, 1996
546 ## - NOTA DE LENGUA/LENGUAJE
Nota de lengua/lenguaje Texto en : español, inglés y francés
650 14 - PUNTO DE ACCESO ADICIONAL DE MATERIA--TÉRMINO DE MATERIA
Término de materia o nombre geográfico como elemento de entrada Carteles
Subdivisión de forma Concursos
Subdivisión general Diseño
Subdivisión geográfica México
9 (RLIN) 3224
650 14 - PUNTO DE ACCESO ADICIONAL DE MATERIA--TÉRMINO DE MATERIA
Término de materia o nombre geográfico como elemento de entrada Diseñadores gráficos
Subdivisión de forma Exposiciones
Subdivisión geográfica México
9 (RLIN) 3225
740 0# - PUNTO DE ACCESO ADICIONAL--TÍTULO RELACIONADO O ANALÍTICO NO CONTROLADO
Título relacionado o analítico no controlado Fourth International Biennial of the Poster in Mexico, 1996
740 0# - PUNTO DE ACCESO ADICIONAL--TÍTULO RELACIONADO O ANALÍTICO NO CONTROLADO
Título relacionado o analítico no controlado Quatrieme Biennale Internationale de L´Affiche au Mexique
942 ## - ELEMENTOS DE PUNTO DE ACCESO ADICIONAL (KOHA)
Fuente del sistema de clasificación o colocación Library of Congress Classification
Tipo de ítem Koha Libros
Holdings
Estado de retiro Estado de pérdida Estado dañado No para préstamo Localización permanente Ubicación/localización actual Fecha de adquisición Total de préstamos Signatura topográfica completa Código de barras Fecha visto por última vez Precio válido a partir de Tipo de ítem Koha
El ejemplar forma parte de la colección y puede ser consultado según las políticas vigentes.       Biblioteca del Museo Franz Mayer (Rogerio Casas-Alatriste) Biblioteca del Museo Franz Mayer (Rogerio Casas-Alatriste) 26/06/2008   NC1807.M4 .B54 4 1996 01469 22/03/2019 22/03/2019 Libros